| 000 | 00535nam a22001817a 4500 | ||
|---|---|---|---|
| 005 | 20251108165457.0 | ||
| 008 | 250721s1987 xx 000 0 ara d | ||
| 082 | 1 | 4 | _aم/398.9/ميد |
| 100 | 1 | _aالميداني، أبو الفضل أحمد بن محمد | |
| 245 | 1 | 0 | _aمجمع الأمثال / |
| 250 | _aط2 | ||
| 264 | 1 |
_aبيروت : _bدار الجيل، _c1987. |
|
| 300 | _a4ج | ||
| 650 | 1 | 7 | _aالأمثال |
| 700 | 1 |
_aإبراهيم، محمد أبو الفضل _eتحقيق |
|
| 942 |
_2ddc _cREF |
||
| 999 |
_c28856 _d28856 |
||